[Event "18th American Continental"]
[Site "Foz do Iguacu BRA"]
[Date "2025.05.24"]
[Round "3.40"]
[White "Martins, Vinicius Tine"]
[Black "Pontes, Luiz Felizola Lima"]
[Result "1/2-1/2"]
[WhiteTitle "FM"]
[WhiteElo "2257"]
[BlackElo "2070"]
[WhiteFideId "2112884"]
[BlackFideId "44709919"]
[EventDate "2025.05.23"]

1. Nf3 d5 2. c4 c6 3. g3 Nf6 4. Bg2 Bg4 5. cxd5 Bxf3 6. Bxf3 cxd5 7. Nc3 e6 8.
O-O Nc6 9. d4 Qb6 10. e3 Be7 11. a3 O-O 12. b4 Qc7 13. Bb2 a6 14. Na4 b5 15. Nc5
Nd7 16. Bg2 Nb6 17. Qd3 Nc4 18. Bc3 Rfd8 19. a4 a5 20. axb5 Nxb4 21. Bxb4 axb4
22. Na6 Qb6 23. Rab1 Na3 24. Rb3 Qxb5 25. Qxb5 Nxb5 26. Nxb4 Bxb4 27. Rxb4 Nc3
28. Bf3 Rdb8 29. Rxb8+ Rxb8 30. Kg2 Rb1 31. Rxb1 Nxb1 32. Kf1 Nd2+ 33. Ke2 Nxf3
34. Kxf3 f6 35. Ke2 1/2-1/2

[Event "18th American Continental"]
[Site "Foz do Iguacu BRA"]
[Date "2025.05.24"]
[Round "3.41"]
[White "Cordeiro, Marco Aurelio Zaror"]
[Black "Silva, Kaua Marques"]
[Result "0-1"]
[BlackTitle "FM"]
[WhiteElo "2048"]
[BlackElo "2254"]
[WhiteFideId "2117991"]
[BlackFideId "22701168"]
[EventDate "2025.05.23"]

1. e4 c5 2. Nc3 Nc6 3. f4 g6 4. Nf3 Bg7 5. Bb5 Nd4 6. O-O a6 7. Bc4 b5 8. Bd5
Rb8 9. d3 e6 10. Bb3 Ne7 11. Nxd4 cxd4 12. Ne2 O-O 13. Qe1 d5 14. e5 Qb6 15. Qf2
Nc6 16. c3 dxc3 17. Be3 d4 18. Nxd4 cxb2 19. Rad1 Nxd4 20. Bxd4 Qc6 21. Bxb2 Rd8
22. d4 Bb7 23. d5 exd5 24. f5 Qe8 25. f6 Bf8 26. Bd4 Rbc8 27. Rde1 Rc6 28. Qh4
Bc8 29. Kh1 Be6 30. Qf4 a5 31. a4 b4 32. h4 h5 33. Bd1 Kh7 34. Be2 Bh6 35. Qg3
Qf8 36. Bb5 Rc2 37. Bb6 Ra8 38. Bd3 Rc6 39. Bd4 Rac8 40. Qf3 Kh8 41. Qe2 Qd8 42.
Qb2 Qc7 43. Qb1 Kh7 44. Qd1 Bg4 45. Qb3 Qd8 46. Be2 Be6 47. Bf3 Rc4 48. Rd1 Rc2
49. Ba1 R8c4 50. Rd4 Qc7 51. Re1 Rxd4 52. Bxd4 Qc4 53. Qxc4 dxc4 54. Bb6 b3 55.
Be4 Rc1 56. Bxa5 b2 0-1

[Event "18th American Continental"]
[Site "Foz do Iguacu BRA"]
[Date "2025.05.24"]
[Round "3.42"]
[White "Pierrot, Facundo"]
[Black "Markzon, Gregory"]
[Result "1/2-1/2"]
[WhiteTitle "IM"]
[BlackTitle "FM"]
[WhiteElo "2253"]
[BlackElo "2056"]
[WhiteFideId "103250"]
[BlackFideId "2003694"]
[EventDate "2025.05.23"]

1. d4 Nf6 2. Nf3 g6 3. g3 Bg7 4. Bg2 O-O 5. O-O d6 6. c4 Nbd7 7. Nc3 e5 8. e4 c6
9. h3 a6 10. Be3 b5 11. c5 b4 12. Na4 d5 13. dxe5 Nxe4 14. Bd4 Qe7 15. Re1 Rb8
16. Rc1 Re8 17. e6 fxe6 18. Bxg7 Qxg7 19. Nd4 Bb7 20. Bxe4 dxe4 21. Rxe4 e5 22.
Nf3 Rf8 23. Rxb4 Nf6 24. Nc3 a5 25. Rb3 Rbd8 26. Qe2 Bc8 27. Nxe5 Rde8 28. f4 g5
29. Qg2 gxf4 30. gxf4 Qxg2+ 31. Kxg2 Nh5 32. Nxc6 Nxf4+ 33. Kh2 Nxh3 34. Rc2 Nf2
35. Nd5 Be6 36. Nde7+ Kh8 37. Rg3 Ng4+ 38. Kg1 Nf6 39. Rh2 Bd5 40. Ng6+ Kg7 41.
Nxf8+ Kxf8 42. Rf2 Re1+ 43. Rf1 Rxf1+ 44. Kxf1 Bxa2 45. Ra3 Bc4+ 46. Ke1 Ke8 47.
Rxa5 Kd7 48. Ra4 Bb5 49. Rd4+ Kc7 1/2-1/2

[Event "18th American Continental"]
[Site "Foz do Iguacu BRA"]
[Date "2025.05.24"]
[Round "3.43"]
[White "Brandao, Renan Alves"]
[Black "Larrea, Manuel"]
[Result "0-1"]
[BlackTitle "FM"]
[WhiteElo "2032"]
[BlackElo "2246"]
[WhiteFideId "2115905"]
[BlackFideId "3000508"]
[EventDate "2025.05.23"]

1. d4 Nf6 2. c4 g6 3. Nc3 Bg7 4. e4 d6 5. Be2 O-O 6. Nf3 e5 7. d5 a5 8. Be3 Ng4
9. Bg5 f6 10. Bh4 Na6 11. Nd2 Nh6 12. g4 Bd7 13. Rg1 Nf7 14. Bg3 Bh6 15. h4 c6
16. Qb3 Nc5 17. Qc2 a4 18. h5 Qb6 19. hxg6 hxg6 20. Rh1 Kg7 21. Kf1 a3 22. b3
Na6 23. dxc6 bxc6 24. Na4 Qd4 25. Rd1 Nb4 26. Qc3 Nxa2 27. Qxd4 exd4 28. Nb1 Nc1
29. Nxa3 Nxb3 30. Nb6 Rxa3 31. Rxh6 Kxh6 32. Nxd7 Rd8 33. Nxf6 Kg7 34. g5 Nxg5
35. e5 dxe5 36. Ng4 Nf7 37. Nxe5 Nxe5 38. Bxe5+ Kg8 39. Rd3 Re8 40. Bd6 Ra1+ 41.
Bd1 c5 42. Kg2 Re6 43. Bc7 Nc1 44. Rh3 Ne2 45. Bc2 Ra2 46. Bh2 Rf6 47. Rb3 Nf4+
48. Kf1 Raa6 49. Rb8+ Kg7 50. Ke1 Ra2 51. Bb1 Ng2+ 52. Kd1 Ne3+ 53. Kc1 Raxf2
54. Be5 Kh6 55. Rh8+ Kg5 56. Rg8 Rf1+ 0-1

[Event "18th American Continental"]
[Site "Foz do Iguacu BRA"]
[Date "2025.05.24"]
[Round "3.44"]
[White "Rodrigues, Edgar"]
[Black "Cezar Junior, William Carlos"]
[Result "1/2-1/2"]
[WhiteTitle "FM"]
[WhiteElo "2245"]
[BlackElo "2048"]
[WhiteFideId "2107090"]
[BlackFideId "2130769"]
[EventDate "2025.05.23"]

1. d4 d5 2. c4 e6 3. Nc3 Nf6 4. cxd5 exd5 5. Bg5 Be7 6. e3 h6 7. Bh4 O-O 8. Qc2
Re8 9. Bd3 c5 10. Nge2 Nc6 11. a3 cxd4 12. exd4 Qb6 13. O-O Nxd4 14. Nxd4 Qxd4
15. Bxf6 Bxf6 16. Rad1 Qh4 17. Nxd5 Bg4 18. Rde1 Be5 19. g3 Qd8 20. Ne3 Bf3 21.
Bb5 Re6 22. Qf5 Qf6 23. Bd7 Re7 24. Nc4 Qxf5 25. Bxf5 Bf6 26. Rxe7 Bxe7 27. Ne5
Bc6 28. Nxc6 bxc6 29. Re1 Kf8 30. Re5 c5 31. b3 Rb8 32. Bc2 Rd8 33. a4 Rd2 34.
Be4 Bd6 35. Rf5 g6 36. Rf3 Ke7 37. Bd3 Be5 38. Bc4 f5 39. h4 Kf6 40. Kf1 g5 41.
hxg5+ hxg5 42. g4 f4 43. Rh3 Bd4 44. Be2 1/2-1/2

[Event "18th American Continental"]
[Site "Foz do Iguacu BRA"]
[Date "2025.05.24"]
[Round "3.45"]
[White "Jodorcovsky, Alejandro David"]
[Black "Zallio, Luciano de Souza"]
[Result "1-0"]
[WhiteTitle "CM"]
[BlackTitle "CM"]
[WhiteElo "2022"]
[BlackElo "2243"]
[WhiteFideId "3705625"]
[BlackFideId "2109700"]
[EventDate "2025.05.23"]

1. e4 e6 2. d4 d5 3. Nd2 c5 4. Ngf3 Nc6 5. Bb5 a6 6. exd5 axb5 7. dxc6 bxc6 8.
dxc5 Bxc5 9. O-O Nf6 10. Nb3 Be7 11. Qxd8+ Bxd8 12. Ne5 Ra6 13. Nc5 Rb6 14. Be3
Nd5 15. Ne4 Nxe3 16. Nd6+ Kf8 17. fxe3 Ba6 18. Rxf7+ 1-0

[Event "18th American Continental"]
[Site "Foz do Iguacu BRA"]
[Date "2025.05.24"]
[Round "3.46"]
[White "Lima, Stefan Moisei VIeira"]
[Black "De Oliveira, Yuri Garcia"]
[Result "0-1"]
[WhiteTitle "FM"]
[WhiteElo "2241"]
[BlackElo "2001"]
[WhiteFideId "22782273"]
[BlackFideId "22762000"]
[EventDate "2025.05.23"]

1. d4 Nf6 2. c4 e6 3. Nc3 d5 4. cxd5 exd5 5. Bg5 c6 6. e3 Be7 7. Bd3 Nbd7 8.
Nge2 h6 9. Bh4 Nh5 10. Bxe7 Qxe7 11. O-O O-O 12. Qd2 Nb6 13. f3 f5 14. Rae1 Bd7
15. Nc1 Rae8 16. b3 Nc8 17. Bb1 Nd6 18. Nd3 Bc8 19. Ne5 Qg5 20. f4 Qd8 21. g4
fxg4 22. Bg6 Nf6 23. f5 Nh7 24. Bxe8 Qxe8 25. Nxg4 Bxf5 26. Ne5 Ng5 27. Qe2 Nh3+
28. Kg2 Ng5 29. Kg1 Nh3+ 30. Kg2 Ng5 31. Rf2 Qe6 32. h4 Nge4 33. Nxe4 Nxe4 34.
Rf4 g5 35. hxg5 hxg5 36. Rxf5 Qxf5 37. Nd3 Nc3 38. Qh5 Qe4+ 39. Kg1 Qf5 40. Kg2
Rf7 41. e4 dxe4 42. Rh1 Qf3+ 43. Qxf3 exf3+ 44. Kf2 Kg7 45. Rg1 Rf5 46. Ne5 Ne2
47. Rg4 Nxd4 48. Rxd4 Rxe5 49. Rd7+ Kf6 50. Kxf3 Re7 51. Rd8 Rh7 52. Ra8 a6 53.
Rb8 Rh3+ 54. Kg4 Rh4+ 55. Kg3 Rb4 56. Rf8+ Ke5 57. Rg8 Kf5 58. Rf8+ Ke5 59. Rg8
g4 60. Re8+ Kd5 61. Re7 a5 62. Rd7+ Kc5 63. Rd3 Rd4 64. Re3 a4 65. bxa4 Rxa4 66.
Rc3+ Kd6 67. a3 b5 68. Kh4 Rc4 69. Rd3+ Ke5 70. Kg3 Rd4 71. Rc3 Kd6 72. Re3 c5 0-1

[Event "18th American Continental"]
[Site "Foz do Iguacu BRA"]
[Date "2025.05.24"]
[Round "3.47"]
[White "Mariani, Daniel Brandao"]
[Black "Terao, Juliana Sayumi"]
[Result "1/2-1/2"]
[BlackTitle "FM"]
[WhiteElo "2002"]
[BlackElo "2229"]
[WhiteFideId "2124378"]
[BlackFideId "2109220"]
[EventDate "2025.05.23"]

1. d4 Nf6 2. c4 e6 3. Nc3 Bb4 4. e3 O-O 5. Ne2 Re8 6. a3 Bf8 7. Ng3 d5 8. Be2 b6
9. b4 c6 10. O-O Nbd7 11. Bb2 Bb7 12. Qb3 g6 13. Rad1 h5 14. Bd3 Qe7 15. Rfe1
Rab8 16. e4 1/2-1/2

[Event "18th American Continental"]
[Site "Foz do Iguacu BRA"]
[Date "2025.05.24"]
[Round "3.48"]
[White "Aguinaga, Maximiliano"]
[Black "Raimundo, Airton Carlos Nunes"]
[Result "1-0"]
[WhiteElo "2226"]
[BlackElo "1975"]
[WhiteFideId "119300"]
[BlackFideId "2114526"]
[EventDate "2025.05.23"]

1. e4 c5 2. Nc3 Nc6 3. g3 g6 4. Bg2 Bg7 5. d3 e6 6. f4 Nge7 7. Nf3 d5 8. O-O O-O
9. e5 a6 10. h3 b5 11. a3 Qc7 12. Ne2 f6 13. exf6 Bxf6 14. c3 e5 15. fxe5 Nxe5
16. Nxe5 Bxe5 17. Rxf8+ Kxf8 18. Nf4 Qd6 19. Qf3 Kg7 20. Bd2 Ra7 21. Rf1 Nf5 22.
g4 Nh4 23. Qxd5 Nxg2 24. Qxd6 Bxd6 25. Nxg2 h6 26. Bf4 Be7 27. Be5+ Kg8 28. Nf4
Bg5 29. Nxg6 Be3+ 30. Kg2 Rf7 31. Bf4 Bb7+ 32. Kg3 Kh7 33. Re1 Bd2 34. Re6 Bd5
35. Re2 Bc1 36. Bxc1 Rf3+ 37. Kh4 Kxg6 38. Re3 Rxe3 39. Bxe3 c4 40. d4 h5 41.
Kg3 hxg4 42. hxg4 Kf6 43. Kf4 Bc6 44. Bf2 Ke6 45. Bh4 Be8 46. Kg5 Kd5 47. Kf6
Ke4 48. g5 Bc6 49. g6 Bd5 50. Bg3 Kd3 51. Ke5 Kc2 52. Kxd5 Kxb2 53. g7 1-0

[Event "18th American Continental"]
[Site "Foz do Iguacu BRA"]
[Date "2025.05.24"]
[Round "3.49"]
[White "El Zwei, Aiman Mohamed"]
[Black "Ocampos, Ian"]
[Result "1-0"]
[WhiteElo "1980"]
[BlackElo "2219"]
[WhiteFideId "44733909"]
[BlackFideId "117544"]
[EventDate "2025.05.23"]

1. d4 Nf6 2. Nf3 g6 3. c4 Bg7 4. Nc3 O-O 5. e4 d6 6. Be2 e5 7. O-O Bg4 8. dxe5
dxe5 9. Bg5 Qe8 10. Qb3 b6 11. Nd5 Nxd5 12. cxd5 Nd7 13. h3 Nc5 14. Qc4 Bc8 15.
b4 Ba6 16. b5 Bc8 17. Be3 f5 18. Bxc5 bxc5 19. Qxc5 h6 20. Bd3 Rf7 21. Qc6 Qxc6
22. bxc6 fxe4 23. Bxe4 Rf4 24. Rfe1 Ba6 25. Rad1 Rd8 26. Bxg6 Ra4 27. Rd2 Rd6
28. Bc2 Ra3 29. Bb3 Bb5 30. Nh4 a5 31. Nf5 Bf8 32. Nxd6 Bxd6 33. Re3 a4 34. Bc2
Rxa2 35. Bh7+ Kxh7 36. Rxa2 Bc4 37. Rxa4 Bxd5 38. Rc3 Kg6 39. Rc1 Kf6 40. Ra8 e4
41. Rd1 Bxc6 42. Ra6 Be8 43. Raxd6+ cxd6 44. Rxd6+ Kg5 45. Kf1 h5 46. Ke2 Kf4
47. Rf6+ Ke5 48. Rf8 Bb5+ 49. Ke3 Bf1 50. g4 h4 51. Rh8 Bxh3 52. Rxh4 Bg2 53.
Rh5+ Kf6 54. Kf4 Kg6 55. Ra5 Bf3 56. Ra6+ Kf7 57. g5 Be2 58. Rf6+ Kg7 59. Kxe4 1-0

[Event "18th American Continental"]
[Site "Foz do Iguacu BRA"]
[Date "2025.05.24"]
[Round "3.50"]
[White "Tomiello, Mateus Costamilan"]
[Black "Medeiros, Thauane Ferreira"]
[Result "1/2-1/2"]
[WhiteTitle "FM"]
[BlackTitle "WFM"]
[WhiteElo "2199"]
[BlackElo "1972"]
[WhiteFideId "22701958"]
[BlackFideId "2134470"]
[EventDate "2025.05.23"]

1. d4 Nf6 2. c4 e6 3. Nf3 c5 4. Nc3 cxd4 5. Nxd4 d5 6. e3 Be7 7. cxd5 exd5 8.
Be2 O-O 9. O-O Nc6 10. b3 Bc5 11. Nxc6 bxc6 12. Bb2 Qe7 13. Rc1 Bd7 14. Bf3 Rac8
15. Re1 Rfd8 16. e4 Be6 17. exd5 cxd5 18. Qd3 h6 19. h3 Ne4 20. Nxe4 dxe4 21.
Qxe4 Rd2 22. Qe5 Qg5 23. Re2 Qxe5 24. Rxe5 Bxf2+ 25. Kf1 Rxc1+ 26. Bxc1 Rxa2 27.
Re2 Rxe2 28. Bxe2 Bb6 29. b4 Bd4 30. Ba6 Bd5 31. Bf4 Kf8 32. Bd6+ Ke8 33. Bb5+
Kd8 34. g3 Be6 35. h4 Bd7 36. Bc4 Bh3+ 37. Ke2 Kd7 38. Bf8 Be6 39. Bb5+ Kc7 40.
Kd3 Be5 41. Ke4 Bxg3 42. Bxg7 Bxh4 43. Bxh6 Be7 44. Be3 1/2-1/2

[Event "18th American Continental"]
[Site "Foz do Iguacu BRA"]
[Date "2025.05.24"]
[Round "3.51"]
[White "Calcada, Lucas Galvan"]
[Black "Muniz, Francisco Allysson da S."]
[Result "1/2-1/2"]
[WhiteElo "1967"]
[BlackElo "2197"]
[WhiteFideId "22746099"]
[BlackFideId "2184753"]
[EventDate "2025.05.23"]

1. e4 c5 2. Nf3 d6 3. d4 cxd4 4. Nxd4 Nf6 5. Nc3 g6 6. Be3 Bg7 7. f3 h5 8. Qd2
Bd7 9. O-O-O Nc6 10. Kb1 Rc8 11. Be2 a6 12. Rhe1 O-O 13. h3 Na5 14. g4 Nc4 15.
Bxc4 Rxc4 16. e5 dxe5 17. Nb3 Qc8 18. g5 Bf5 19. gxf6 Bxf6 20. Na5 Rh4 21. Nd5
Rxh3 22. f4 Bh4 23. Rh1 Be4 24. Nb6 Qf5 25. Rxh3 Qxh3 26. fxe5 Bf3 27. Rc1 Qf5
28. Nac4 g5 29. Bc5 g4 30. Rf1 Qg6 31. Nd5 Qe6 32. Ncb6 Be4 33. Qd4 Bg6 34. Nc4
Bg5 35. Nce3 Rc8 36. Bb4 Qc6 37. Bc3 e6 38. Nf6+ Kg7 39. Nexg4 hxg4 40. Qxg4 Qc4
41. Qxc4 Rxc4 42. Ne8+ Kf8 43. Nd6 Rc7 44. Rf2 Rd7 45. b3 Be3 46. Rh2 Kg8 47.
Kb2 b5 48. a3 Bg5 49. Rg2 Be3 50. Ne8 Kf8 51. Nf6 Rd8 52. Bb4+ Kg7 53. Ng4 Bg5
54. Nf2 Bh4 55. Nd3 Rd5 56. Bc3 Be7 57. Nf4 Rd1 58. Ka2 Kh6 59. Bd2 Kg7 60. Bc3
Kh6 1/2-1/2

[Event "18th American Continental"]
[Site "Foz do Iguacu BRA"]
[Date "2025.05.24"]
[Round "3.52"]
[White "Nemeth Junior, Henrique"]
[Black "Sanchez Tobar, Francisca Valenti"]
[Result "1-0"]
[BlackTitle "WFM"]
[WhiteElo "2189"]
[BlackElo "1964"]
[WhiteFideId "2118815"]
[BlackFideId "3431304"]
[EventDate "2025.05.23"]

1. e4 e5 2. Nf3 Nc6 3. Bb5 a6 4. Ba4 b5 5. Bb3 Nf6 6. O-O Nxe4 7. d4 d5 8. dxe5
Be6 9. c3 Be7 10. Bc2 O-O 11. Nbd2 Nc5 12. Nb3 Nxb3 13. axb3 f6 14. Qd3 g6 15.
Bh6 Rf7 16. Qe3 Qd7 17. Rfe1 Re8 18. Rxa6 f5 19. b4 d4 20. cxd4 Nxd4 21. Nxd4
Bxb4 22. Rd1 Bd5 23. Bb3 c6 24. f4 Qe6 25. Bc2 Qc8 26. Raa1 c5 27. Qe2 cxd4 28.
Qxb5 Qxc2 29. Qxd5 Qc5 30. Qb3 d3+ 31. Kh1 d2 32. h3 Rb8 33. Rxd2 Qb6 34. Rd7
Be7 35. Qxb6 Rxb6 36. Ra8+ Bf8 37. Rxf7 Kxf7 38. Rxf8+ Ke7 39. Rh8 Rxb2 40.
Rxh7+ Ke6 41. Rg7 1-0

[Event "18th American Continental"]
[Site "Foz do Iguacu BRA"]
[Date "2025.05.24"]
[Round "3.53"]
[White "Requejo Cotrina, Oswaldo Valentin"]
[Black "Arias Diaz, Javier Alonso"]
[Result "0-1"]
[WhiteTitle "FM"]
[WhiteElo "2184"]
[BlackElo "1962"]
[WhiteFideId "3800423"]
[BlackFideId "3441318"]
[EventDate "2025.05.23"]

1. d4 e6 2. Nf3 d5 3. c4 a6 4. Nc3 dxc4 5. e3 b5 6. a4 b4 7. Nb1 Nf6 8. Bxc4 Bb7
9. O-O Nbd7 10. Nbd2 c5 11. b3 Bd6 12. Bb2 O-O 13. Qe2 cxd4 14. Nxd4 Nc5 15.
Rfd1 Qe7 16. f3 Rfd8 17. Nf1 Rac8 18. Ng3 Qc7 19. Qf2 Bd5 20. Ndf5 Bxc4 21. Bxf6
Bxg3 0-1

[Event "18th American Continental"]
[Site "Foz do Iguacu BRA"]
[Date "2025.05.24"]
[Round "3.54"]
[White "Luz, Arthur Nader"]
[Black "Da Luz, Felipe Garcia"]
[Result "1-0"]
[WhiteElo "2184"]
[BlackElo "1961"]
[WhiteFideId "2148838"]
[BlackFideId "2158809"]
[EventDate "2025.05.23"]

1. e4 c6 2. d4 d5 3. f3 g6 4. Nc3 Bg7 5. e5 e6 6. f4 Ne7 7. Nf3 a6 8. Be3 Nf5 9.
Bf2 h5 10. Qd2 Nd7 11. a3 b5 12. Bd3 Nb6 13. h3 Bd7 14. Ke2 Nh6 15. Rag1 Qc7 16.
g4 hxg4 17. hxg4 O-O-O 18. Be3 Ng8 19. Rxh8 Bxh8 20. Rh1 Ne7 21. Ng5 Rf8 22.
Nxf7 Rxf7 23. Rxh8+ Kb7 24. b3 g5 25. fxg5 c5 26. g6 Rg7 27. Rh7 cxd4 28. Rxg7
Qxe5 29. Rxe7 dxe3 30. Qe1 d4 31. Qh1+ Kc8 32. Qe4 1-0

[Event "18th American Continental"]
[Site "Foz do Iguacu BRA"]
[Date "2025.05.24"]
[Round "3.55"]
[White "Hernandez Bermudez, Manuela"]
[Black "Sanhueza, Cristian"]
[Result "0-1"]
[WhiteTitle "WFM"]
[BlackTitle "FM"]
[WhiteElo "1947"]
[BlackElo "2182"]
[WhiteFideId "4483103"]
[BlackFideId "116815"]
[EventDate "2025.05.23"]

1. e4 e5 2. Nf3 Nc6 3. Bb5 a6 4. Ba4 d6 5. O-O Bg4 6. Bxc6+ bxc6 7. d3 Qf6 8.
Nbd2 Ne7 9. c3 Ng6 10. Qa4 Bd7 11. g3 Be7 12. Kg2 h5 13. h4 Qe6 14. Rh1 Qg4 15.
Nc4 f5 16. Ng5 f4 17. Ne3 fxe3 18. f3 Nxh4+ 19. Rxh4 Qxg5 20. Qd1 Qg6 21. Rh1 h4
22. Qe1 Bg5 23. g4 h3+ 24. Rxh3 Rxh3 25. Kxh3 Bf4 26. Bxe3 Qh6+ 0-1

[Event "18th American Continental"]
[Site "Foz do Iguacu BRA"]
[Date "2025.05.24"]
[Round "3.56"]
[White "Cantero, Rodolfo"]
[Black "Kaneda, Eric Kazuichi"]
[Result "1-0"]
[WhiteTitle "CM"]
[WhiteElo "2179"]
[BlackElo "1949"]
[WhiteFideId "3703762"]
[BlackFideId "2141337"]
[EventDate "2025.05.23"]

1. e4 c6 2. d4 d5 3. Nd2 dxe4 4. Nxe4 Nd7 5. Ng5 Ngf6 6. Bd3 e6 7. N1f3 h6 8.
Nxe6 fxe6 9. Bg6+ Ke7 10. O-O Qc7 11. Re1 Qd6 12. g3 b5 13. b3 c5 14. Bf4 Qd5
15. c4 bxc4 16. bxc4 Qxc4 17. Rc1 Qd5 18. dxc5 Bb7 19. c6 Bxc6 20. Rxc6 Qxc6 21.
Nd4 Qc4 22. Nxe6 Rc8 23. Bd6# 1-0

[Event "18th American Continental"]
[Site "Foz do Iguacu BRA"]
[Date "2025.05.24"]
[Round "3.57"]
[White "Pimenta, Jeronimo Marques"]
[Black "Almeida Junior, Alvaro Alves de"]
[Result "1-0"]
[WhiteElo "1946"]
[BlackElo "2179"]
[WhiteFideId "2116448"]
[BlackFideId "2149974"]
[EventDate "2025.05.23"]

1. d4 Nf6 2. c4 g6 3. Nc3 d5 4. cxd5 Nxd5 5. Bd2 Bg7 6. e4 Nb6 7. Be3 O-O 8. Nf3
Nc6 9. Be2 Bg4 10. d5 Na5 11. Bd4 Qd6 12. Bxg7 Kxg7 13. Qd4+ Kg8 14. e5 Qd7 15.
e6 Bxe6 16. dxe6 Qxe6 17. Qe5 Qxe5 18. Nxe5 f6 19. b4 fxe5 20. bxa5 Nd7 21. Bc4+
Kh8 22. Rd1 Nc5 23. Rd5 b6 24. Rxe5 Rf4 25. Be2 e6 26. O-O Raf8 27. f3 Rb4 28.
Rb1 Rd4 29. axb6 cxb6 30. Ne4 Nxe4 31. Rxe4 Rxe4 32. fxe4 Rc8 33. Rb2 Kg7 34.
Kf2 Kf6 35. Ke3 Ke5 36. Bd3 Rc3 37. Kd2 Ra3 38. Bc4 Kxe4 39. Bxe6 Rd3+ 40. Ke2
Re3+ 41. Kf2 Rc3 42. Bg8 Rc7 43. Rd2 h5 44. Bb3 g5 45. Rd8 Rc5 46. Rh8 h4 47. g3
hxg3+ 48. Kxg3 a5 49. Kg4 b5 50. Rg8 a4 51. Be6 Rc6 52. Bf5+ Ke5 53. Kxg5 b4 54.
Rb8 1-0

[Event "18th American Continental"]
[Site "Foz do Iguacu BRA"]
[Date "2025.05.24"]
[Round "3.58"]
[White "Arias Diaz, Miguel Angel"]
[Black "Nunes, Agatha Hurba"]
[Result "1-0"]
[BlackTitle "WFM"]
[WhiteElo "2176"]
[BlackElo "1947"]
[WhiteFideId "3432742"]
[BlackFideId "2114852"]
[EventDate "2025.05.23"]

1. d4 d5 2. c4 e6 3. Nc3 Nf6 4. cxd5 exd5 5. Bg5 c6 6. e3 h6 7. Bh4 Be7 8. Bd3
O-O 9. Nge2 Re8 10. O-O Be6 11. Nf4 Bg4 12. f3 Bc8 13. Nfe2 b5 14. Rc1 a5 15.
Bf2 Ba6 16. Ng3 b4 17. Na4 Bxd3 18. Qxd3 Ra7 19. e4 dxe4 20. fxe4 Ng4 21. Qf3
Nxf2 22. Qxf2 Bg5 23. Rcd1 Rae7 24. e5 Bh4 25. Nc5 Bxg3 26. Qxg3 Qd5 27. b3 Nd7
28. Nb7 Re6 29. Nd6 Rg6 30. Qf2 Rf8 31. Nf5 Qe6 32. Rde1 Nb6 33. Re3 Nd5 34. Rg3
Kh7 35. h4 Nc3 36. Qc2 Rd8 37. h5 Rxg3 38. Nxg3+ Kg8 39. Qf2 Qd7 40. Nf5 Ne4 41.
Qf4 Ng5 42. Rc1 Qd5 43. Rxc6 Rd7 44. Rd6 Rxd6 45. exd6 Qe6 46. Qe5 Qxe5 47. dxe5
Ne6 48. Ne7+ Kf8 49. Nc6 Nc5 50. Nxa5 Nd3 51. Nc6 Ke8 52. Kf1 Kd7 53. Ke2 Nc1+
54. Kd2 Nxa2 55. Nb8+ Kc8 56. Na6 Kd7 57. Nc5+ Kd8 58. Ne4 Kd7 59. Kc2 f5 60.
Nc5+ Ke8 61. e6 Nc3 62. d7+ Ke7 63. Nb7 1-0

[Event "18th American Continental"]
[Site "Foz do Iguacu BRA"]
[Date "2025.05.24"]
[Round "3.59"]
[White "Silverio, Vitor Luis De Jesus"]
[Black "De Oliveira, Jairo Quintiliano"]
[Result "1-0"]
[WhiteElo "2166"]
[BlackElo "1942"]
[WhiteFideId "22797289"]
[BlackFideId "22792503"]
[EventDate "2025.05.23"]

1. e4 c5 2. Nf3 Nc6 3. d4 cxd4 4. Nxd4 g6 5. Nc3 Bg7 6. Be3 Nf6 7. Bc4 O-O 8.
Bb3 d6 9. f3 Qa5 10. Qd2 Nxd4 11. Bxd4 Be6 12. O-O-O Rfc8 13. Kb1 Qc7 14. h4 a6
15. h5 b5 16. g4 b4 17. Nd5 Bxd5 18. Bxd5 Nxd5 19. Bxg7 Nc3+ 20. Bxc3 bxc3 21.
Qh6 cxb2 22. Rh2 Qc3 23. hxg6 hxg6 24. Rdh1 Qg7 25. g5 f6 26. Qxg7+ Kxg7 27.
Rh7+ Kg8 28. Rxe7 fxg5 29. Rhh7 Rab8 30. Reg7+ Kf8 31. Rxg6 a5 32. Rxg5 a4 33.
a3 1-0

[Event "18th American Continental"]
[Site "Foz do Iguacu BRA"]
[Date "2025.05.24"]
[Round "3.60"]
[White "Donoso Simonetti, Alvaro Matias"]
[Black "Lira, Suan Bruno Fernandes"]
[Result "0-1"]
[WhiteElo "1935"]
[BlackElo "2163"]
[WhiteFideId "5198194"]
[BlackFideId "22794620"]
[EventDate "2025.05.23"]

1. e4 c5 2. Nf3 Nc6 3. Bb5 Nf6 4. Bxc6 dxc6 5. d3 Qc7 6. a4 e5 7. Na3 Be6 8. Ng5
Bg4 9. f3 Bd7 10. f4 h6 11. Nf3 exf4 12. e5 Nh5 13. Qe2 O-O-O 14. Bd2 Bg4 15.
O-O-O Be7 16. Rhe1 Rhe8 17. Qe4 g6 18. Kb1 Bf5 19. Qc4 Be6 20. Qe4 Bd5 21. Qe2
Bf8 22. c4 Be6 23. Nc2 Bf5 24. Bc3 Bg7 25. Nh4 Be6 26. d4 Qe7 27. Qf2 Bxc4 28.
g4 fxg3 29. hxg3 Qg5 30. dxc5 Qxg3 31. Rxd8+ Rxd8 32. Qxg3 Nxg3 33. Nd4 g5 34.
Nhf5 Nxf5 35. Nxf5 Bd5 0-1

[Event "18th American Continental"]
[Site "Foz do Iguacu BRA"]
[Date "2025.05.24"]
[Round "3.61"]
[White "Pirola, Claudionor Alcides Lima"]
[Black "Cella, Glaucio Dalla Cortt"]
[Result "1-0"]
[WhiteElo "2157"]
[BlackElo "1936"]
[WhiteFideId "2130556"]
[BlackFideId "2119455"]
[EventDate "2025.05.23"]

1. e4 c5 2. Nf3 e6 3. d4 cxd4 4. Nxd4 Nf6 5. Nc3 Bb4 6. e5 Nd5 7. Qg4 O-O 8. Bh6
g6 9. Qg3 Re8 10. Nb5 Nxc3 11. bxc3 Be7 12. h4 Nc6 13. h5 a6 14. hxg6 fxg6 15.
Bd3 Nxe5 16. Qxe5 Bf6 17. Qg3 axb5 18. Bxg6 Re7 19. Bxh7+ Kh8 20. Be4 1-0